Object-oriented modeling and design (Record no. 169)

MARC details
000 -LEADER
Fixed length control field 00459nam a2200169 4500
003 - CONTROL NUMBER IDENTIFIER
Control field SEACOMEC
005 - DATE AND TIME OF LATEST TRANSACTION
Control field 20240417114840.0
008 - FIXED-LENGTH DATA ELEMENTS--GENERAL INFORMATION
Fixed length control field 231006b |||||||| |||| 00| 0 eng d
040 ## - CATALOGING SOURCE
Original cataloging agency SEACOMEC
082 ## - DEWEY DECIMAL CLASSIFICATION NUMBER
Classification number 005.112
Book Number R936
100 1# - MAIN ENTRY--PERSONAL NAME
Personal name Rumbaugh, James
245 1# - TITLE STATEMENT
Title Object-oriented modeling and design
Statement of responsibility James Rumbaugh...(et al.)
260 ## - IMPRINT
Place of publication Delhi
Name of publisher Pearson
Date of publication 2004
650 ## - SUBJECT ADDED ENTRY--TOPICAL TERM
Topical term Computer programming, programs, data
650 ## - SUBJECT ADDED ENTRY--TOPICAL TERM
Topical term Programming
942 ## - ADDED ENTRY ELEMENTS (KOHA)
Koha item type Books
Holdings
Withdrawn status Lost status Source of classification Damaged status Not for loan Home library Current library Date acquired Total Checkouts Call number Accession number Date last seen Price effective from Koha item type
    Dewey Decimal Classification     SEACOM ENGINEERING COLLEGE SEACOM ENGINEERING COLLEGE 04/08/2006   005.112 R936 5137 17/04/2024 17/04/2024 Books
© Seacom Engineering College, All rights reserved.      Powered by Koha